000 00589nam a22001817a 4500
082 _a940.4
_bSHO
100 _aBinny,E,V
_950688
245 _aA short History of the 17th and 22nd Field Companies
_cE,V.Binny
526 _a0
_b0
_c0
_d940_400000000000000_SHO
526 _a0
_b0
_c0
_d940_400000000000000_SHO
526 _a0
_b0
_c0
_d940_400000000000000_SHO
526 _a0
_b0
_c0
_d940_400000000000000_SHO
526 _a0
_b0
_c0
_d940_400000000000000_SHO
526 _a0
_b0
_c0
_d940_400000000000000_SHO
526 _a0
_b0
_c0
_d940_400000000000000_SHO
650 _aMCE
_9379
942 _2ddc
_cBK
999 _c553452
_d553452